| 000 | 01074cam a22003377a 4500 | ||
|---|---|---|---|
| 003 | CHAP | ||
| 005 | 20220817041620.0 | ||
| 008 | 971013s1974 r 00010 d | ||
| 010 | _a19757 | ||
| 011 | _a20729 | ||
| 035 | _a24817 | ||
| 040 | _cCHAP | ||
| 090 | _aFolleto 4215 | ||
| 110 | _aCentro Internacional de Mejoramiento de Maíz y Trigo | ||
| 245 | 0 | _aResultados del tercer ensayo internacional de maíz opaco 2 (IOMT) 1972-73 | |
| 260 |
_aMéxico : _b(El Centro), _c1974 |
||
| 300 |
_a17 p. _b; apénd. |
||
| 410 | _aCIMMYT | ||
| 490 | 0 |
_aInformation bulletin _v; 13 |
|
| 590 |
_aBATCH-UPD _b10 _c20130110 _lUCH01 _h2123 |
||
| 590 |
_aBATCH-UPD _b10 _c20130410 _lUCH01 _h1433 |
||
| 590 |
_aBATCH-UPD _b10 _c20130914 _lUCH01 _h1732 |
||
| 590 |
_aCONVERSION _b10 _c20130109 _lUCH01 _h1312 |
||
| 650 | 1 | 4 |
_aMaíz opaco. _971117 |
| 810 |
_aCIMMYT _923309 |
||
| 830 | 0 |
_aInformation bulletin _v; 13 _958099 |
|
| 901 | _aBK | ||
| 942 | _cFOLL | ||
| 949 |
_aFolleto 4215 _bBC _cFOLL _d-57255 _eTS1 _i24817 _si |
||
| 949 |
_aFolleto 4215 _bBC _cFOLL _d-57256 _eTS2 _fc.2 _i24817 _si |
||
| 999 |
_c19757 _d19757 |
||